Times por Escudo - Uruguayan Primera División 2025 - Statistics

Estatísticas Gerais
  • Esse quiz foi jogado 17 vezes
  • A pontuação média é 9 de 16
Estatísticas das Respostas
Imagem Resposta % Correto
Peñarol
100%
Nacional
94%
Danubio
88%
Liverpool
88%
River Plate
88%
Boston River
63%
CA Cerro
56%
Defensor Sporting
56%
Plaza Colonia
56%
Racing CM
56%
Montevideo Wanderers
50%
Montevideo City Torque
44%
Cerro Largo
25%
Juventud
25%
Progresso
25%
Miramar Misiones
13%
Nenhum quiz correspondente encontrado
Distribuição das Pontuações
Porcentagem de Pessoas com Cada Pontuação
Percentil de Números Respondidos
Sua Pontuação Histórica
Você não jogou esse quiz